[Event "Unterfranken-ch HB 56th"]
[Site "Stetten"]
[Date "2005.03.31"]
[Round "6"]
[White "Meyer, Marco"]
[Black "Hofmann, Axel"]
[Result "1/2-1/2"]
[WhiteElo "1277"]
[BlackElo "1155"]
[PlyCount "34"]
[EventDate "2005.03.28"]
[EventType "swiss"]
[EventRounds "9"]
[EventCountry "GER"]
[SourceTitle "EXT 2015"]
[Source "ChessBase"]
[SourceDate "2014.11.20"]
[SourceVersion "1"]
[SourceVersionDate "2014.11.20"]
[SourceQuality "1"]

1. e4 c6 2. c3 d5 3. e5 e6 4. d4 Ne7 5. Bd3 g6 6. Nf3 Bg7 7. Be3 0-0 8. Qd2 Nf5 9. Bxf5 exf5 10. Bh6 f6 11. Bxg7 Kxg7 12. 0-0 Nd7 13. Re1 Re8 14. Qf4 Nf8 15. Nbd2 Ne6 16. Qg3 f4 17. Qh4 f5 1/2-1/2

[Event "Unterfranken-ch HB 56th"]
[Site "Stetten"]
[Date "2005.03.29"]
[Round "3"]
[White "Brux, Juergen"]
[Black "Hofmann, Axel"]
[Result "1-0"]
[WhiteElo "1522"]
[BlackElo "1155"]
[PlyCount "65"]
[EventDate "2005.03.28"]
[EventType "swiss"]
[EventRounds "9"]
[EventCountry "GER"]
[SourceTitle "EXT 2015"]
[Source "ChessBase"]
[SourceDate "2014.11.20"]
[SourceVersion "1"]
[SourceVersionDate "2014.11.20"]
[SourceQuality "1"]

1. d4 c6 2. c4 d5 3. b3 Bf5 4. Nc3 e6 5. a3 Nf6 6. Nf3 Bd6 7. g3 0-0 8. Bg2 Nbd7 9. 0-0 Rc8 10. c5 Bb8 11. Bb2 b6 12. b4 b5 13. h3 h6 14. Nd2 Qc7 15. e4 dxe4 16. Ncxe4 Nd5 17. Nd6 Rcd8 18. Nxf5 exf5 19. Qf3 f4 20. Ne4 fxg3 21. fxg3 N7f6 22. Nxf6+ Nxf6 23. Qf4 Nd5 24. Qxc7 Bxc7 25. Bxd5 Rxd5 26. Kg2 a5 27. Rf3 a4 28. Re1 Bd8 29. Re5 Bf6 30. Rxd5 cxd5 31. Re3 Bd8 32. Re5 Bc7 33. Rxd5 1-0

[Event "Unterfranken-ch HB 56th"]
[Site "Stetten"]
[Date "2005.03.28"]
[Round "2"]
[White "Wilhelm, Holger"]
[Black "Hofmann, Axel"]
[Result "1-0"]
[WhiteElo "1590"]
[BlackElo "1155"]
[PlyCount "35"]
[EventDate "2005.03.28"]
[EventType "swiss"]
[EventRounds "9"]
[EventCountry "GER"]
[SourceTitle "EXT 2015"]
[Source "ChessBase"]
[SourceDate "2014.11.20"]
[SourceVersion "1"]
[SourceVersionDate "2014.11.20"]
[SourceQuality "1"]

1. e4 c6 2. d4 d5 3. Nc3 g6 4. exd5 cxd5 5. Bb5+ Nc6 6. Nf3 Bg7 7. Be3 e6 8. Qd2 h6 9. 0-0 a6 10. Bxc6+ bxc6 11. Na4 Ne7 12. Nc5 Nf5 13. b3 0-0 14. Rab1 Qc7 15. Nd3 Qb6 16. c3 a5 17. Nfe5 f6 18. Nxg6 1-0

[Event "Unterfranken-ch HB 51th"]
[Site "Sailauf"]
[Date "2000.04.29"]
[Round "9"]
[White "Hofmann, Axel"]
[Black "Maiwald, Achim"]
[Result "0-1"]
[WhiteElo "1173"]
[BlackElo "926"]
[PlyCount "29"]
[EventDate "2000.04.24"]
[EventType "swiss"]
[EventRounds "9"]
[EventCountry "GER"]
[SourceTitle "EXT 2015"]
[Source "ChessBase"]
[SourceDate "2014.11.20"]
[SourceVersion "1"]
[SourceVersionDate "2014.11.20"]
[SourceQuality "1"]

1. e4 e5 2. Nf3 Nc6 3. Bc4 Nf6 4. Ng5 d5 5. exd5 Nxd5 6. d3 Be7 7. Nf3 Be6 8. 0-0 Qd7 9. Bb5 0-0-0 10. Nxe5 Qd6 11. c4 Qxe5 12. cxd5 Qxd5 13. Be3 Qxb5 14. Nc3 Qxb2 15. Rb1 0-1

[Event "Unterfranken-ch HB 51th"]
[Site "Sailauf"]
[Date "2000.04.26"]
[Round "4"]
[White "Hofmann, Axel"]
[Black "Reinhard, Josef"]
[Result "0-1"]
[WhiteElo "1173"]
[BlackElo "1401"]
[PlyCount "88"]
[EventDate "2000.04.24"]
[EventType "swiss"]
[EventRounds "9"]
[EventCountry "GER"]
[SourceTitle "EXT 2015"]
[Source "ChessBase"]
[SourceDate "2014.11.20"]
[SourceVersion "1"]
[SourceVersionDate "2014.11.20"]
[SourceQuality "1"]

1. e4 e5 2. Nf3 Nc6 3. Bc4 Be7 4. d3 a6 5. a4 d6 6. c3 Bg4 7. Nbd2 Nf6 8. b4 0-0 9. 0-0 d5 10. exd5 Nxd5 11. Qb3 Nb6 12. a5 Nxc4 13. Qxc4 Be6 14. Qe4 Bf6 15. Qe1 Qxd3 16. Ne4 Be7 17. Bg5 f6 18. Rd1 Qb5 19. Be3 Rad8 20. Rc1 Bc4 21. Nfd2 Bxf1 22. Nxf1 Qc4 23. Ned2 Qe6 24. Ne4 Rd3 25. Nc5 Bxc5 26. Bxc5 Rfd8 27. Ne3 Rd2 28. c4 Rb2 29. Nd5 Qf7 30. Qc3 Re2 31. Kf1 Re4 32. Re1 Rxe1+ 33. Kxe1 Nd4 34. Ne3 Qh5 35. g4 Qxh2 36. Nd5 Qg1+ 37. Kd2 Qxf2+ 38. Kc1 Qf1+ 39. Kb2 Qe2+ 40. Ka3 c6 41. Ne7+ Kh8 42. Qh3 Nc2+ 43. Ka4 Qe4 44. Nf5 Rd3 0-1

[Event "Unterfranken-ch HB 51th"]
[Site "Sailauf"]
[Date "2000.04.25"]
[Round "3"]
[White "Assmann, Juergen1111"]
[Black "Hofmann, Axel"]
[Result "0-1"]
[WhiteElo "1370"]
[BlackElo "1173"]
[PlyCount "62"]
[EventDate "2000.04.24"]
[EventType "swiss"]
[EventRounds "9"]
[EventCountry "GER"]
[SourceTitle "EXT 2015"]
[Source "ChessBase"]
[SourceDate "2014.11.20"]
[SourceVersion "1"]
[SourceVersionDate "2014.11.20"]
[SourceQuality "1"]

1. d3 e6 2. Nf3 d5 3. Bf4 Nf6 4. Nbd2 Nc6 5. c4 Be7 6. g3 0-0 7. Bg2 Bd6 8. Bg5 e5 9. 0-0 d4 10. Ne4 Be7 11. Bxf6 Bxf6 12. Qd2 Be7 13. a3 h6 14. Qc2 Bf5 15. Nfd2 Qc8 16. Rfe1 Bh3 17. Bh1 f5 18. b4 fxe4 19. Bxe4 Nd8 20. e3 c5 21. exd4 cxd4 22. Bd5+ Kh8 23. Rxe5 Bh4 24. Nf3 Nf7 25. Bxf7 Rxf7 26. Nxh4 Qc6 27. Re4 Kh7 28. Rxd4 g5 29. b5 Qf6 30. Qb2 gxh4 31. Ra2 Qf3 0-1

[Event "Unterfranken-ch HB 48th"]
[Site "Bergrheinfeld"]
[Date "1997.??.??"]
[Round "7"]
[White "Hofmann, Axel"]
[Black "Heidenbluth, Karl"]
[Result "0-1"]
[WhiteElo "1084"]
[BlackElo "1441"]
[PlyCount "50"]
[EventDate "1997.03.31"]
[EventType "swiss"]
[EventRounds "9"]
[EventCountry "GER"]
[SourceTitle "EXT 2015"]
[Source "ChessBase"]
[SourceDate "2014.11.20"]
[SourceVersion "1"]
[SourceVersionDate "2014.11.20"]
[SourceQuality "1"]

1. c4 e6 2. Nc3 d5 3. cxd5 exd5 4. d4 Nf6 5. g3 Bf5 6. Bf4 Nbd7 7. Bg2 c6 8. Nf3 Bb4 9. a3 Bxc3+ 10. bxc3 Ne4 11. 0-0 Ndf6 12. Qb3 0-0 13. Qxb7 Nxc3 14. Rfe1 Re8 15. e3 Qb6 16. Qxb6 axb6 17. Ne5 c5 18. Rac1 Rxa3 19. dxc5 bxc5 20. Nc6 c4 21. Nd4 Bd3 22. Nc2 Ra2 23. Nb4 Ne2+ 24. Kh1 Nxc1 25. Nxa2 Nxa2 0-1

[Event "Unterfranken-ch HB 48th"]
[Site "Bergrheinfeld"]
[Date "1997.??.??"]
[Round "8"]
[White "Hofmann, Axel"]
[Black "Hirsch, Frank"]
[Result "0-1"]
[WhiteElo "1084"]
[BlackElo "1725"]
[PlyCount "40"]
[EventDate "1997.03.31"]
[EventType "swiss"]
[EventRounds "9"]
[EventCountry "GER"]
[SourceTitle "EXT 2015"]
[Source "ChessBase"]
[SourceDate "2014.11.20"]
[SourceVersion "1"]
[SourceVersionDate "2014.11.20"]
[SourceQuality "1"]

1. c4 Nf6 2. Nf3 g6 3. Nc3 Bg7 4. d4 0-0 5. g3 d6 6. Bg2 Bg4 7. 0-0 c6 8. a4 Nbd7 9. d5 Rb8 10. dxc6 bxc6 11. Nd4 Qe8 12. Nxc6 Rc8 13. Nb5 Ne5 14. Nbxa7 Nxc6 15. Bxc6 Rxc6 16. Nxc6 Qxc6 17. f3 Bc8 18. Be3 Bb7 19. Rb1 Ng4 20. Qd5 Qxd5 0-1

[Event "Unterfranken-ch HB 48th"]
[Site "Bergrheinfeld"]
[Date "1997.??.??"]
[Round "6"]
[White "Roeder, Andreas"]
[Black "Hofmann, Axel"]
[Result "1-0"]
[WhiteElo "1448"]
[BlackElo "1084"]
[PlyCount "63"]
[EventDate "1997.03.31"]
[EventType "swiss"]
[EventRounds "9"]
[EventCountry "GER"]
[SourceTitle "EXT 2015"]
[Source "ChessBase"]
[SourceDate "2014.11.20"]
[SourceVersion "1"]
[SourceVersionDate "2014.11.20"]
[SourceQuality "1"]

1. e4 c5 2. Nf3 Nc6 3. d4 cxd4 4. Nxd4 e6 5. Nc3 Bb4 6. Nde2 Nf6 7. Bd2 d5 8. a3 Bxc3 9. Nxc3 dxe4 10. Bg5 Qxd1+ 11. Rxd1 Ng4 12. Bb5 0-0 13. Bxc6 bxc6 14. Nxe4 Ne5 15. Nc5 Nc4 16. Bc1 e5 17. b3 Na5 18. 0-0 Bf5 19. Rd2 Rad8 20. Rxd8 Rxd8 21. b4 Nc4 22. c3 a5 23. Re1 axb4 24. cxb4 Bc2 25. Kf1 Rd1 26. Rxd1 Bxd1 27. Ke1 Bc2 28. a4 e4 29. a5 h6 30. Be3 Bd3 31. Nxd3 exd3 32. a6 1-0

[Event "Unterfranken-ch H2 46th"]
[Site "Karlburg"]
[Date "1995.??.??"]
[Round "?"]
[White "Hofmann, Axel"]
[Black "Mader, Manuel"]
[Result "1/2-1/2"]
[WhiteElo "1187"]
[BlackElo "1387"]
[PlyCount "39"]
[EventDate "1995.04.17"]
[EventType "swiss"]
[EventRounds "9"]
[EventCountry "GER"]
[SourceTitle "EXT 2015"]
[Source "ChessBase"]
[SourceDate "2014.11.20"]
[SourceVersion "1"]
[SourceVersionDate "2014.11.20"]
[SourceQuality "1"]

1. c4 Nf6 2. Nc3 e6 3. g3 d5 4. cxd5 exd5 5. e3 Be7 6. Bg2 0-0 7. Nf3 Bg4 8. 0-0 Re8 9. a3 Nbd7 10. Qc2 b6 11. Nd4 c5 12. Nc6 Qc7 13. Nxd5 Nxd5 14. Bxd5 Rac8 15. Qc4 Be6 16. Nxe7+ Rxe7 17. Bxe6 Rxe6 18. d4 cxd4 19. Qxc7 Rxc7 20. exd4 1/2-1/2

[Event "Unterfranken-ch H2 46th"]
[Site "Karlburg"]
[Date "1995.??.??"]
[Round "?"]
[White "Hofmann, Axel"]
[Black "Riedl, Matthias"]
[Result "0-1"]
[WhiteElo "1187"]
[BlackElo "1339"]
[PlyCount "46"]
[EventDate "1995.04.17"]
[EventType "swiss"]
[EventRounds "9"]
[EventCountry "GER"]
[SourceTitle "EXT 2015"]
[Source "ChessBase"]
[SourceDate "2014.11.20"]
[SourceVersion "1"]
[SourceVersionDate "2014.11.20"]
[SourceQuality "1"]

1. e4 c6 2. Nf3 d5 3. exd5 cxd5 4. d4 Nc6 5. Bb5 Bd7 6. c4 dxc4 7. Bxc4 e6 8. 0-0 Nf6 9. Nc3 a6 10. a4 Be7 11. Qc2 Rc8 12. Bd3 Nb4 13. Qb1 Bc6 14. Ne4 Nxd3 15. Nxf6+ Bxf6 16. Qxd3 Qd5 17. Be3 0-0 18. Ne1 Rfd8 19. Nf3 Qh5 20. Qe2 Bxf3 21. Qxf3 Qxf3 22. gxf3 Bxd4 23. Rad1 Bxb2 0-1

[Event "Unterfranken-ch H2 46th"]
[Site "Karlburg"]
[Date "1995.??.??"]
[Round "?"]
[White "Karch, Oliver"]
[Black "Hofmann, Axel"]
[Result "1-0"]
[WhiteElo "1595"]
[BlackElo "1187"]
[PlyCount "53"]
[EventDate "1995.04.17"]
[EventType "swiss"]
[EventRounds "9"]
[EventCountry "GER"]
[SourceTitle "EXT 2015"]
[Source "ChessBase"]
[SourceDate "2014.11.20"]
[SourceVersion "1"]
[SourceVersionDate "2014.11.20"]
[SourceQuality "1"]

1. e4 c5 2. c3 Nc6 3. Nf3 a6 4. d4 e6 5. Be2 Bd6 6. e5 Be7 7. 0-0 b6 8. Bf4 d6 9. Nbd2 d5 10. Re1 c4 11. Nf1 Qc7 12. Qd2 Bd8 13. Ng3 Nge7 14. Nh5 Nf5 15. g4 Nh4 16. Nxg7+ Kd7 17. Bg5 Nxf3+ 18. Bxf3 Bxg5 19. Qxg5 Qd8 20. Qh6 Qf8 21. Qf6 Rg8 22. Nh5 Rg6 23. Qh4 Qh6 24. Nf6+ Rxf6 25. Qxf6 Qxf6 26. exf6 Bb7 27. h4 1-0

[Event "Unterfranken-ch HB 45th"]
[Site "Oberweissenbrunn"]
[Date "1994.??.??"]
[Round "9"]
[White "Hofmann, Axel"]
[Black "Biskopp, Wolf Ulrich"]
[Result "0-1"]
[WhiteElo "1226"]
[BlackElo "1590"]
[PlyCount "102"]
[EventDate "1994.04.04"]
[EventType "swiss"]
[EventRounds "9"]
[EventCountry "GER"]
[SourceTitle "EXT 2015"]
[Source "ChessBase"]
[SourceDate "2014.11.20"]
[SourceVersion "1"]
[SourceVersionDate "2014.11.20"]
[SourceQuality "1"]

1. d4 Nf6 2. Nf3 g6 3. e3 Bg7 4. Nbd2 0-0 5. Be2 d6 6. c3 Nbd7 7. 0-0 c5 8. Bc4 b6 9. e4 e5 10. d5 Ne8 11. Nb3 f5 12. Bg5 Ndf6 13. exf5 Bxf5 14. Qc1 Qd7 15. Bh6 Bg4 16. Bxg7 Nxg7 17. Ng5 Rae8 18. a4 Re7 19. Bb5 Qc8 20. f3 Bf5 21. Nd2 Nxd5 22. Bc4 Qb7 23. Nde4 Ne8 24. Bxd5+ Qxd5 25. c4 Qd4+ 26. Kh1 Bxe4 27. Nxe4 Qd3 28. Qc3 Qxc3 29. Nxc3 Nc7 30. a5 bxa5 31. Rxa5 a6 32. Ne4 Rd7 33. Raa1 Kg7 34. Rfd1 Rfd8 35. Kg1 Kf7 36. Kf2 Ke7 37. Kg3 Rf8 38. Ng5 h6 39. Nh3 Rb8 40. Rd2 Rb4 41. Rc2 Rd8 42. Nf2 Rdb8 43. Nd3 Rb3 44. Rc3 Rxc3 45. bxc3 Rb3 46. Rc1 a5 47. Ra1 Rxc3 48. Nb2 Rc2 49. Nd3 Rxc4 50. Rxa5 e4 51. fxe4 Rc3 0-1